Southville International School and Colleges
Your cart is empty.
  • Cart
  • Lists
    Public lists list_1 View all
    Your lists Log in to create your own lists
  • Log in to your account
  • Your cookies
  • Search history
Southville International School and Colleges
  • Advanced search
  • Recent comments
  • Most popular
  • Libraries

Log in to your account

Log in with GOOGLE


If you do not have an external account, but do have a local account, you can still log in:

  1. Home
  2. MARC view: Water-based tourism, sport, leisure, and recreation experiences /
Normal view MARC view ISBD view

Water-based tourism, sport, leisure, and recreation experiences / (Record no. 22742)

[ view plain ]
MARC details
000 -LEADER
fixed length control field 00563nam a2200193 a 4500
005 - DATE AND TIME OF LATEST TRANSACTION
control field 20140310183431.0
008 - FIXED-LENGTH DATA ELEMENTS--GENERAL INFORMATION
fixed length control field 080109s19uu xx 00 eng d
020 ## - INTERNATIONAL STANDARD BOOK NUMBER
International Standard Book Number 9780750661812
050 ## - LIBRARY OF CONGRESS CALL NUMBER
Classification number GV 191.67.W3
Item number .W38 2007
245 ## - TITLE STATEMENT
Title Water-based tourism, sport, leisure, and recreation experiences /
260 ## - PUBLICATION, DISTRIBUTION, ETC. (IMPRINT)
Place of publication, distribution, etc Amsterdam :
Name of publisher, distributor, etc Butterworth-Heinemann,
Date of publication, distribution, etc 2007.
300 ## - PHYSICAL DESCRIPTION
Extent 260 p. :
Other physical details ill. ;
Dimensions 23 cm.
521 ## - TARGET AUDIENCE NOTE
Target audience note
650 ## - SUBJECT ADDED ENTRY--TOPICAL TERM
Topical term or geographic name as entry element Aquatic sorts.
650 ## - SUBJECT ADDED ENTRY--TOPICAL TERM
Topical term or geographic name as entry element Outdoor recreation.
650 ## - SUBJECT ADDED ENTRY--TOPICAL TERM
Topical term or geographic name as entry element Sports and tourism.
942 ## - ADDED ENTRY ELEMENTS (KOHA)
Koha item type Books
Source of classification or shelving scheme Library of Congress Classification
Call number prefix Foreign
Holdings
Withdrawn status Lost status Source of classification or shelving scheme Damaged status Home library Current library Shelving location Date acquired Source of acquisition Total Checkouts Full call number Barcode Date last seen Copy number Price effective from Koha item type
    Library of Congress Classification   College Library College Library General Circulation Section 07/21/2010 Donation   GV 191.67.W3 .W38 2007 C8984 05/15/2018 1 10/18/2013 Books

Water-based tourism, sport, leisure, and recreation experiences /

APA

(2007). Water-based tourism, sport, leisure, and recreation experiences. Amsterdam: Butterworth-Heinemann.

Chicago

2007. Water-based tourism, sport, leisure, and recreation experiences. Amsterdam: Butterworth-Heinemann.

Harvard

(2007). Water-based tourism, sport, leisure, and recreation experiences. Amsterdam: Butterworth-Heinemann.

MLA

Water-based tourism, sport, leisure, and recreation experiences. Amsterdam: Butterworth-Heinemann. 2007.

  • Place hold
  • Print
  • Cite
  • Add to your cart (remove)
  • Save record
    BIBTEX Dublin Core MARCXML MARC (non-Unicode/MARC-8) MARC (Unicode/UTF-8) MARC (Unicode/UTF-8, Standard) MODS (XML) RIS
  • More searches
    Search for this title in:
    Other Libraries (WorldCat) Other Databases (Google Scholar) Online Stores (Bookfinder.com) Open Library (openlibrary.org)

Exporting to Dublin Core...

SOUTHVILLE LIBRARY

Southville International School and Colleges Library

1281 Tropical Ave. Cor. Luxembourg St., BF Homes International, Las Pinas City

Tel. No. 8256374 / 252358 Loc. 117/146

Powered by Koha